LEADER 00830nam a2200205 i 4500 001 000000033906 003 CaOOAMICUS 005 20120925000000.0 008 120925s1985 it u000 u ita u 040 $aSeMil$bita 100 1 $aCazzani, Eugenio,$c.$0(OLS)http://semarc/name/10584 245 10$aOlgiate Olona e la sua pieve /$cEugenio Cazzani. 260 $a[S.l. :$bs.n.],$cstampa 1985$e(Saronno :$fMonti,$gstampa 1985) 300 $a584 p. :$bill. ;$c25 cm. 650 04$aOlgiate Olona.$0(OLS)http://semarc/subject/5426 850 $aSeMil 852 $aSeMil$W1$xVenegono$y1$m3P V 170$j61$B61$CSeMilBibl$Z2$F61 $81 961 $aOmaggio: Brambilla don Adelio 996 $6245$aOlgiate Olona e la sua pieve$9(OLS)http://semarc/title/45543 996 $6260$a[S.l. :$bs.n.]$9(OLS)http://semarc/publisher/29751 LEADER 01074nam a2200253 4500 001 000000333099 003 CaOOAMICUS 005 20190404174239.0 008 190326s2012 at 000 u eng r 020 $a978-0-9873400-1-6 040 $aSeMil$bita 100 1 $aYouanis,$c.$0(OLS)http://semarc/name/109246 245 10$aSpiritual concepts /$cby His Grace Bishop Youanis. 264 1$aSydney, Australia :$bSt Shenouda's Monastery,$c2012. 300 $a145 p. ;$c22 cm 490 1 $aChristian living series ;$v2 650 4$aCatechismo della Chiesa Cattolica.$0(OLS)http://semarc/subject/12084 830 0$aChristian living series ;$v2.$0(OLS)http://semarc/title/422249 850 $aSeMil 852 $aSeMil$W1$xVenegono$y1$m2K III 381$j212016$B225473$CSeMilBibl$Z2$F225473 $81 996 $6020$a978-0-9873400-1-6$9(OLS)http://semarc/number/286958 996 $6245$aSpiritual concepts$9(OLS)http://semarc/title/422289 996 $6264$aSydney, Australia :$bSt Shenouda's Monastery$9(OLS)http://semarc/publisher/58186